<?xml version="1.0" encoding="UTF-8"?>
<collection xmlns="http://www.loc.gov/MARC21/slim">
 <record>
  <leader>07624nas a22008415  4500</leader>
  <controlfield tag="001">1/50337</controlfield>
  <controlfield tag="008">021021c19589999cauqr1p           a0eng d</controlfield>
  <datafield tag="022" ind1=" " ind2=" ">
   <subfield code="a">0018-7208</subfield>
  </datafield>
  <datafield tag="035" ind1=" " ind2=" ">
   <subfield code="l">24033</subfield>
  </datafield>
  <datafield tag="090" ind1=" " ind2=" ">
   <subfield code="a">Αλφαβητική σειρά</subfield>
  </datafield>
  <datafield tag="245" ind1="0" ind2="0">
   <subfield code="a">Human factors :</subfield>
   <subfield code="b">the journal of the Human Factors Society</subfield>
  </datafield>
  <datafield tag="260" ind1=" " ind2=" ">
   <subfield code="a">New York, N.Y. :</subfield>
   <subfield code="b">Pergamon Press,</subfield>
   <subfield code="c">1958-</subfield>
  </datafield>
  <datafield tag="300" ind1=" " ind2=" ">
   <subfield code="a">v. ;</subfield>
   <subfield code="c">25 cm.</subfield>
  </datafield>
  <datafield tag="310" ind1=" " ind2=" ">
   <subfield code="a">Bimonthly,</subfield>
   <subfield code="b">2007-</subfield>
  </datafield>
  <datafield tag="321" ind1=" " ind2=" ">
   <subfield code="a">4 no. a year,</subfield>
   <subfield code="b">2004-2006</subfield>
  </datafield>
  <datafield tag="321" ind1=" " ind2=" ">
   <subfield code="a">Bimonthly</subfield>
  </datafield>
  <datafield tag="362" ind1="0" ind2=" ">
   <subfield code="a">Vol.36, no.1(March 1994)-v.37, no.4(Dec. 1995)</subfield>
  </datafield>
  <datafield tag="546" ind1=" " ind2=" ">
   <subfield code="a">English</subfield>
  </datafield>
  <datafield tag="535" ind1="0" ind2=" ">
   <subfield code="a">Κλειστό Βιβλιοστάσιο.</subfield>
  </datafield>
  <datafield tag="650" ind1=" " ind2="4">
   <subfield code="a">Human engineering</subfield>
   <subfield code="v">Periodicals.</subfield>
  </datafield>
  <datafield tag="710" ind1="2" ind2=" ">
   <subfield code="a">Human Factors and Ergonomics Society.</subfield>
  </datafield>
  <datafield tag="852" ind1=" " ind2=" ">
   <subfield code="a">INST</subfield>
   <subfield code="b">UNIPILB</subfield>
   <subfield code="c">SERIALS</subfield>
   <subfield code="e">20060407</subfield>
   <subfield code="h">Αλφαβητική σειρά</subfield>
   <subfield code="p">51181</subfield>
   <subfield code="q">51181</subfield>
   <subfield code="t">NOLOAN</subfield>
   <subfield code="v">vol.46;no.1:(Εποχή)Spring;(Έτος)2004</subfield>
   <subfield code="y">23</subfield>
  </datafield>
  <datafield tag="852" ind1=" " ind2=" ">
   <subfield code="a">INST</subfield>
   <subfield code="b">UNIPILB</subfield>
   <subfield code="c">SERIALS</subfield>
   <subfield code="e">20060407</subfield>
   <subfield code="h">Αλφαβητική σειρά</subfield>
   <subfield code="p">51182</subfield>
   <subfield code="q">51182</subfield>
   <subfield code="t">NOLOAN</subfield>
   <subfield code="v">vol.46;no.2:(Εποχή)Summer;(Έτος)2004</subfield>
   <subfield code="y">23</subfield>
  </datafield>
  <datafield tag="852" ind1=" " ind2=" ">
   <subfield code="a">INST</subfield>
   <subfield code="b">UNIPILB</subfield>
   <subfield code="c">SERIALS</subfield>
   <subfield code="e">20060407</subfield>
   <subfield code="h">Αλφαβητική σειρά</subfield>
   <subfield code="p">51183</subfield>
   <subfield code="q">51183</subfield>
   <subfield code="t">NOLOAN</subfield>
   <subfield code="v">vol.46;no.3:(Εποχή)Fall;(Έτος)2004</subfield>
   <subfield code="y">23</subfield>
  </datafield>
  <datafield tag="852" ind1=" " ind2=" ">
   <subfield code="a">INST</subfield>
   <subfield code="b">UNIPILB</subfield>
   <subfield code="c">SERIALS</subfield>
   <subfield code="e">20060407</subfield>
   <subfield code="h">Αλφαβητική σειρά</subfield>
   <subfield code="p">51184</subfield>
   <subfield code="q">51184</subfield>
   <subfield code="t">NOLOAN</subfield>
   <subfield code="v">vol.46;no.4:(Εποχή)Winter;(Έτος)2004</subfield>
   <subfield code="y">23</subfield>
  </datafield>
  <datafield tag="852" ind1=" " ind2=" ">
   <subfield code="a">INST</subfield>
   <subfield code="b">UNIPILB</subfield>
   <subfield code="c">SERIALS</subfield>
   <subfield code="e">20060407</subfield>
   <subfield code="h">Αλφαβητική σειρά</subfield>
   <subfield code="p">51185</subfield>
   <subfield code="q">51185</subfield>
   <subfield code="t">NOLOAN</subfield>
   <subfield code="v">vol.47;no.1:(Εποχή)Spring;(Έτος)2005</subfield>
   <subfield code="y">23</subfield>
  </datafield>
  <datafield tag="852" ind1=" " ind2=" ">
   <subfield code="a">INST</subfield>
   <subfield code="b">UNIPILB</subfield>
   <subfield code="c">SERIALS</subfield>
   <subfield code="e">20060407</subfield>
   <subfield code="h">Αλφαβητική σειρά</subfield>
   <subfield code="p">51186</subfield>
   <subfield code="q">51186</subfield>
   <subfield code="t">NOLOAN</subfield>
   <subfield code="v">vol.47;no.2:(Εποχή)Summer;(Έτος)2005</subfield>
   <subfield code="y">23</subfield>
  </datafield>
  <datafield tag="852" ind1=" " ind2=" ">
   <subfield code="a">INST</subfield>
   <subfield code="b">UNIPILB</subfield>
   <subfield code="c">SERIALS</subfield>
   <subfield code="e">20060407</subfield>
   <subfield code="h">Αλφαβητική σειρά</subfield>
   <subfield code="p">51187</subfield>
   <subfield code="q">51187</subfield>
   <subfield code="t">NOLOAN</subfield>
   <subfield code="v">vol.47;no.3:(Εποχή)Fall;(Έτος)2005</subfield>
   <subfield code="y">23</subfield>
  </datafield>
  <datafield tag="852" ind1=" " ind2=" ">
   <subfield code="a">INST</subfield>
   <subfield code="b">UNIPILB</subfield>
   <subfield code="c">SERIALS</subfield>
   <subfield code="e">20060407</subfield>
   <subfield code="h">Αλφαβητική σειρά</subfield>
   <subfield code="p">51188</subfield>
   <subfield code="q">51188</subfield>
   <subfield code="t">NOLOAN</subfield>
   <subfield code="v">vol.47;no.4:(Εποχή)Winter;(Έτος)2005</subfield>
   <subfield code="y">23</subfield>
  </datafield>
  <datafield tag="852" ind1=" " ind2=" ">
   <subfield code="a">INST</subfield>
   <subfield code="b">UNIPILB</subfield>
   <subfield code="c">SERIALS</subfield>
   <subfield code="e">20060803</subfield>
   <subfield code="h">Αλφαβητική σειρά</subfield>
   <subfield code="p">52246</subfield>
   <subfield code="q">52246</subfield>
   <subfield code="t">NOLOAN</subfield>
   <subfield code="v">vol.48;no.1:(Εποχή)Spring;(Έτος)2006</subfield>
   <subfield code="y">23</subfield>
  </datafield>
  <datafield tag="852" ind1=" " ind2=" ">
   <subfield code="a">INST</subfield>
   <subfield code="b">UNIPILB</subfield>
   <subfield code="c">SERIALS</subfield>
   <subfield code="e">20060828</subfield>
   <subfield code="h">Αλφαβητική σειρά</subfield>
   <subfield code="p">52483</subfield>
   <subfield code="q">52483</subfield>
   <subfield code="t">NOLOAN</subfield>
   <subfield code="v">vol.48;no.2:(Εποχή)Summer;(Έτος)2006</subfield>
   <subfield code="y">23</subfield>
  </datafield>
  <datafield tag="852" ind1=" " ind2=" ">
   <subfield code="a">INST</subfield>
   <subfield code="b">UNIPILB</subfield>
   <subfield code="c">SERIALS</subfield>
   <subfield code="e">20061123</subfield>
   <subfield code="h">Αλφαβητική σειρά</subfield>
   <subfield code="p">53740</subfield>
   <subfield code="q">53740</subfield>
   <subfield code="t">NOLOAN</subfield>
   <subfield code="v">vol.48;no.3:(Εποχή)Fall;(Έτος)2006</subfield>
   <subfield code="y">23</subfield>
  </datafield>
  <datafield tag="852" ind1=" " ind2=" ">
   <subfield code="a">INST</subfield>
   <subfield code="b">UNIPILB</subfield>
   <subfield code="c">SERIALS</subfield>
   <subfield code="e">20070116</subfield>
   <subfield code="h">Αλφαβητική σειρά</subfield>
   <subfield code="p">54078</subfield>
   <subfield code="q">54078</subfield>
   <subfield code="t">NOLOAN</subfield>
   <subfield code="v">vol.48;no.4:(Εποχή)Winter;(Έτος)2006</subfield>
   <subfield code="y">23</subfield>
  </datafield>
  <datafield tag="852" ind1=" " ind2=" ">
   <subfield code="a">INST</subfield>
   <subfield code="b">UNIPILB</subfield>
   <subfield code="c">SERIALS</subfield>
   <subfield code="e">20080108</subfield>
   <subfield code="h">Αλφαβητική σειρά</subfield>
   <subfield code="p">59327</subfield>
   <subfield code="q">59327</subfield>
   <subfield code="t">NOLOAN</subfield>
   <subfield code="v">vol.49;no.1:(Μήνας)Feb.;(Έτος)2007</subfield>
   <subfield code="y">23</subfield>
  </datafield>
  <datafield tag="852" ind1=" " ind2=" ">
   <subfield code="a">INST</subfield>
   <subfield code="b">UNIPILB</subfield>
   <subfield code="c">SERIALS</subfield>
   <subfield code="e">20080108</subfield>
   <subfield code="h">Αλφαβητική σειρά</subfield>
   <subfield code="p">59328</subfield>
   <subfield code="q">59328</subfield>
   <subfield code="t">NOLOAN</subfield>
   <subfield code="v">vol.49;no.2:(Μήνας)Apr.;(Έτος)2007</subfield>
   <subfield code="y">23</subfield>
  </datafield>
  <datafield tag="852" ind1=" " ind2=" ">
   <subfield code="a">INST</subfield>
   <subfield code="b">UNIPILB</subfield>
   <subfield code="c">SERIALS</subfield>
   <subfield code="e">20080108</subfield>
   <subfield code="h">Αλφαβητική σειρά</subfield>
   <subfield code="p">59329</subfield>
   <subfield code="q">59329</subfield>
   <subfield code="t">NOLOAN</subfield>
   <subfield code="v">vol.49;no.3:(Μήνας)Jun.;(Έτος)2007</subfield>
   <subfield code="y">23</subfield>
  </datafield>
  <datafield tag="852" ind1=" " ind2=" ">
   <subfield code="a">INST</subfield>
   <subfield code="b">UNIPILB</subfield>
   <subfield code="c">SERIALS</subfield>
   <subfield code="e">20080108</subfield>
   <subfield code="h">Αλφαβητική σειρά</subfield>
   <subfield code="p">59330</subfield>
   <subfield code="q">59330</subfield>
   <subfield code="t">NOLOAN</subfield>
   <subfield code="v">vol.49;no.4:(Μήνας)Aug.;(Έτος)2007</subfield>
   <subfield code="y">23</subfield>
  </datafield>
  <datafield tag="852" ind1=" " ind2=" ">
   <subfield code="a">INST</subfield>
   <subfield code="b">UNIPILB</subfield>
   <subfield code="c">SERIALS</subfield>
   <subfield code="e">20080108</subfield>
   <subfield code="h">Αλφαβητική σειρά</subfield>
   <subfield code="p">59331</subfield>
   <subfield code="q">59331</subfield>
   <subfield code="t">NOLOAN</subfield>
   <subfield code="v">vol.49;no.5:(Μήνας)Oct.;(Έτος)2007</subfield>
   <subfield code="y">23</subfield>
  </datafield>
  <datafield tag="852" ind1=" " ind2=" ">
   <subfield code="a">INST</subfield>
   <subfield code="b">UNIPILB</subfield>
   <subfield code="c">SERIALS</subfield>
   <subfield code="e">20080108</subfield>
   <subfield code="h">Αλφαβητική σειρά</subfield>
   <subfield code="p">59332</subfield>
   <subfield code="q">59332</subfield>
   <subfield code="t">NOLOAN</subfield>
   <subfield code="v">vol.49;no.6:(Μήνας)Dec.;(Έτος)2007</subfield>
   <subfield code="y">23</subfield>
  </datafield>
  <datafield tag="852" ind1=" " ind2=" ">
   <subfield code="a">INST</subfield>
   <subfield code="b">UNIPILB</subfield>
   <subfield code="c">SERIALS</subfield>
   <subfield code="e">20091027</subfield>
   <subfield code="h">Αλφαβητική σειρά</subfield>
   <subfield code="p">65091</subfield>
   <subfield code="q">65091</subfield>
   <subfield code="t">NOLOAN</subfield>
   <subfield code="v">vol.51;no.1:(Μήνας)Feb.;(Έτος)2009</subfield>
   <subfield code="y">23</subfield>
  </datafield>
  <datafield tag="852" ind1=" " ind2=" ">
   <subfield code="a">INST</subfield>
   <subfield code="b">UNIPILB</subfield>
   <subfield code="c">SERIALS</subfield>
   <subfield code="e">20100310</subfield>
   <subfield code="h">Αλφαβητική σειρά</subfield>
   <subfield code="p">67368</subfield>
   <subfield code="q">67368</subfield>
   <subfield code="t">NOLOAN</subfield>
   <subfield code="v">vol.51;no.5:(Μήνας)Oct.;(Έτος)2009</subfield>
   <subfield code="y">23</subfield>
  </datafield>
  <datafield tag="852" ind1=" " ind2=" ">
   <subfield code="a">INST</subfield>
   <subfield code="b">UNIPILB</subfield>
   <subfield code="c">SERIALS</subfield>
   <subfield code="e">20100610</subfield>
   <subfield code="h">Αλφαβητική σειρά</subfield>
   <subfield code="p">68315</subfield>
   <subfield code="q">68315</subfield>
   <subfield code="t">NOLOAN</subfield>
   <subfield code="v">vol.51;no.2:(Μήνας)Apr.;(Έτος)2009</subfield>
   <subfield code="y">23</subfield>
  </datafield>
  <datafield tag="852" ind1=" " ind2=" ">
   <subfield code="a">INST</subfield>
   <subfield code="b">UNIPILB</subfield>
   <subfield code="c">SERIALS</subfield>
   <subfield code="e">20100610</subfield>
   <subfield code="h">Αλφαβητική σειρά</subfield>
   <subfield code="p">68316</subfield>
   <subfield code="q">68316</subfield>
   <subfield code="t">NOLOAN</subfield>
   <subfield code="v">vol.51;no.3:(Μήνας)Jun.;(Έτος)2009</subfield>
   <subfield code="y">23</subfield>
  </datafield>
  <datafield tag="852" ind1=" " ind2=" ">
   <subfield code="a">INST</subfield>
   <subfield code="b">UNIPILB</subfield>
   <subfield code="c">SERIALS</subfield>
   <subfield code="e">20100610</subfield>
   <subfield code="h">Αλφαβητική σειρά</subfield>
   <subfield code="p">68317</subfield>
   <subfield code="q">68317</subfield>
   <subfield code="t">NOLOAN</subfield>
   <subfield code="v">vol.51;no.4:(Μήνας)Aug.;(Έτος)2009</subfield>
   <subfield code="y">23</subfield>
  </datafield>
  <datafield tag="852" ind1=" " ind2=" ">
   <subfield code="a">INST</subfield>
   <subfield code="b">UNIPILB</subfield>
   <subfield code="c">SERIALS</subfield>
   <subfield code="e">20100610</subfield>
   <subfield code="h">Αλφαβητική σειρά</subfield>
   <subfield code="p">68318</subfield>
   <subfield code="q">68318</subfield>
   <subfield code="t">NOLOAN</subfield>
   <subfield code="v">vol.51;no.6:(Μήνας)Dec.;(Έτος)2009</subfield>
   <subfield code="y">23</subfield>
  </datafield>
  <datafield tag="852" ind1=" " ind2=" ">
   <subfield code="a">INST</subfield>
   <subfield code="b">UNIPILB</subfield>
   <subfield code="c">SERIALS</subfield>
   <subfield code="e">20100720</subfield>
   <subfield code="h">Αλφαβητική σειρά</subfield>
   <subfield code="p">69589</subfield>
   <subfield code="q">69589</subfield>
   <subfield code="t">NOLOAN</subfield>
   <subfield code="v">vol.52;no.1:(Μήνας)Feb.;(Έτος)2010</subfield>
   <subfield code="y">23</subfield>
  </datafield>
  <datafield tag="852" ind1=" " ind2=" ">
   <subfield code="a">INST</subfield>
   <subfield code="b">UNIPILB</subfield>
   <subfield code="c">SERIALS</subfield>
   <subfield code="e">20100909</subfield>
   <subfield code="h">Αλφαβητική σειρά</subfield>
   <subfield code="p">69806</subfield>
   <subfield code="q">69806</subfield>
   <subfield code="t">NOLOAN</subfield>
   <subfield code="v">vol.52;no.2:(Μήνας)Apr.;(Έτος)2010</subfield>
   <subfield code="y">23</subfield>
  </datafield>
  <datafield tag="852" ind1=" " ind2=" ">
   <subfield code="a">INST</subfield>
   <subfield code="b">UNIPILB</subfield>
   <subfield code="c">SERIALS</subfield>
   <subfield code="e">20101115</subfield>
   <subfield code="h">Αλφαβητική σειρά</subfield>
   <subfield code="p">70591</subfield>
   <subfield code="q">70591</subfield>
   <subfield code="t">NOLOAN</subfield>
   <subfield code="v">vol.52;no.3:(Μήνας)Jun.;(Έτος)2010</subfield>
   <subfield code="y">23</subfield>
  </datafield>
  <datafield tag="852" ind1=" " ind2=" ">
   <subfield code="a">INST</subfield>
   <subfield code="b">UNIPILB</subfield>
   <subfield code="c">SERIALS</subfield>
   <subfield code="e">20101115</subfield>
   <subfield code="h">Αλφαβητική σειρά</subfield>
   <subfield code="p">70592</subfield>
   <subfield code="q">70592</subfield>
   <subfield code="t">NOLOAN</subfield>
   <subfield code="v">vol.52;no.4:(Μήνας)Aug.;(Έτος)2010</subfield>
   <subfield code="y">23</subfield>
  </datafield>
  <datafield tag="852" ind1=" " ind2=" ">
   <subfield code="a">INST</subfield>
   <subfield code="b">UNIPILB</subfield>
   <subfield code="c">SERIALS</subfield>
   <subfield code="e">20110209</subfield>
   <subfield code="h">Αλφαβητική σειρά</subfield>
   <subfield code="p">71090</subfield>
   <subfield code="q">71090</subfield>
   <subfield code="t">NOLOAN</subfield>
   <subfield code="v">vol.52;no.5:(Μήνας)Oct.;(Έτος)2010</subfield>
   <subfield code="y">23</subfield>
  </datafield>
  <datafield tag="852" ind1=" " ind2=" ">
   <subfield code="a">INST</subfield>
   <subfield code="b">UNIPILB</subfield>
   <subfield code="c">SERIALS</subfield>
   <subfield code="e">20110309</subfield>
   <subfield code="h">Αλφαβητική σειρά</subfield>
   <subfield code="p">71302</subfield>
   <subfield code="q">71302</subfield>
   <subfield code="t">NOLOAN</subfield>
   <subfield code="v">vol.52;no.6:(Μήνας)Dec.;(Έτος)2010</subfield>
   <subfield code="y">23</subfield>
  </datafield>
  <datafield tag="852" ind1=" " ind2=" ">
   <subfield code="a">INST</subfield>
   <subfield code="b">UNIPILB</subfield>
   <subfield code="c">SERIALS</subfield>
   <subfield code="e">20110511</subfield>
   <subfield code="h">Αλφαβητική σειρά</subfield>
   <subfield code="p">71740</subfield>
   <subfield code="q">71740</subfield>
   <subfield code="t">NOLOAN</subfield>
   <subfield code="v">vol.53;no.1:(Μήνας)Feb.;(Έτος)2011</subfield>
   <subfield code="y">23</subfield>
  </datafield>
  <datafield tag="852" ind1=" " ind2=" ">
   <subfield code="a">INST</subfield>
   <subfield code="b">UNIPILB</subfield>
   <subfield code="c">SERIALS</subfield>
   <subfield code="e">20110928</subfield>
   <subfield code="h">Αλφαβητική σειρά</subfield>
   <subfield code="p">72775</subfield>
   <subfield code="q">72775</subfield>
   <subfield code="t">NOLOAN</subfield>
   <subfield code="v">vol.53;no.2:(Μήνας)Apr.;(Έτος)2011</subfield>
   <subfield code="y">23</subfield>
  </datafield>
  <datafield tag="852" ind1=" " ind2=" ">
   <subfield code="a">INST</subfield>
   <subfield code="b">UNIPILB</subfield>
   <subfield code="c">SERIALS</subfield>
   <subfield code="e">20110928</subfield>
   <subfield code="h">Αλφαβητική σειρά</subfield>
   <subfield code="p">72776</subfield>
   <subfield code="q">72776</subfield>
   <subfield code="t">NOLOAN</subfield>
   <subfield code="v">vol.53;no.3:(Μήνας)Jun.;(Έτος)2011</subfield>
   <subfield code="y">23</subfield>
  </datafield>
  <datafield tag="852" ind1=" " ind2=" ">
   <subfield code="a">INST</subfield>
   <subfield code="b">UNIPILB</subfield>
   <subfield code="c">SERIALS</subfield>
   <subfield code="e">20110928</subfield>
   <subfield code="h">Αλφαβητική σειρά</subfield>
   <subfield code="p">72777</subfield>
   <subfield code="q">72777</subfield>
   <subfield code="t">NOLOAN</subfield>
   <subfield code="v">vol.53;no.4:(Μήνας)Aug.;(Έτος)2011</subfield>
   <subfield code="y">23</subfield>
  </datafield>
  <datafield tag="852" ind1=" " ind2=" ">
   <subfield code="a">INST</subfield>
   <subfield code="b">UNIPILB</subfield>
   <subfield code="c">SERIALS</subfield>
   <subfield code="e">20120116</subfield>
   <subfield code="h">Αλφαβητική σειρά</subfield>
   <subfield code="p">73959</subfield>
   <subfield code="q">73959</subfield>
   <subfield code="t">NOLOAN</subfield>
   <subfield code="v">vol.53;no.6:(Μήνας)Dec.;(Έτος)2011</subfield>
   <subfield code="y">23</subfield>
  </datafield>
  <datafield tag="852" ind1=" " ind2=" ">
   <subfield code="a">INST</subfield>
   <subfield code="b">UNIPILB</subfield>
   <subfield code="c">SERIALS</subfield>
   <subfield code="e">20120409</subfield>
   <subfield code="h">Αλφαβητική σειρά</subfield>
   <subfield code="p">75143</subfield>
   <subfield code="q">75143</subfield>
   <subfield code="t">NOLOAN</subfield>
   <subfield code="v">vol.53;no.5:(Μήνας)Oct.;(Έτος)2011</subfield>
   <subfield code="y">23</subfield>
  </datafield>
  <datafield tag="852" ind1=" " ind2=" ">
   <subfield code="a">INST</subfield>
   <subfield code="b">UNIPILB</subfield>
   <subfield code="c">SERIALS</subfield>
   <subfield code="e">20060209</subfield>
   <subfield code="h">Αλφαβητική σειρά</subfield>
   <subfield code="p">NB000204</subfield>
   <subfield code="q">NB000204</subfield>
   <subfield code="t">NOLOAN</subfield>
   <subfield code="v">vol.28;no.4 Special issue:(Έτος)2005</subfield>
   <subfield code="y">23</subfield>
  </datafield>
  <datafield tag="856" ind1="4" ind2="1">
   <subfield code="u">http://web.ebscohost.com/ehost/detail?sid=70f097c4-5a97-45dd-b0b4-384062e5cff3%40sessionmgr4&amp;vid=1&amp;hid=15&amp;bdata=JnNpdGU9ZWhvc3QtbGl2ZQ%3d%3d#db=ofs&amp;jid=HMF</subfield>
  </datafield>
  <datafield tag="900" ind1=" " ind2=" ">
   <subfield code="a">Vol. 54 no. 1 (Feb. 2012)</subfield>
   <subfield code="b">Οφειλόμενο</subfield>
   <subfield code="c">17/12/2012</subfield>
  </datafield>
  <datafield tag="900" ind1=" " ind2=" ">
   <subfield code="a">Vol. 50 no. 1 (Feb. 2008)</subfield>
   <subfield code="b">Οφειλόμενο</subfield>
   <subfield code="c">01/10/2008</subfield>
  </datafield>
  <datafield tag="900" ind1=" " ind2=" ">
   <subfield code="a">Vol. 50 no. 2 (Apr. 2008)</subfield>
   <subfield code="b">Οφειλόμενο</subfield>
   <subfield code="c">26/10/2009</subfield>
  </datafield>
  <datafield tag="900" ind1=" " ind2=" ">
   <subfield code="a">Vol. 50 no. 3 (Jun. 2008)</subfield>
   <subfield code="b">Οφειλόμενο</subfield>
   <subfield code="c">26/10/2009</subfield>
  </datafield>
  <datafield tag="900" ind1=" " ind2=" ">
   <subfield code="a">Vol. 50 no. 4 (Aug. 2008)</subfield>
   <subfield code="b">Οφειλόμενο</subfield>
   <subfield code="c">26/10/2009</subfield>
  </datafield>
  <datafield tag="900" ind1=" " ind2=" ">
   <subfield code="a">Vol. 50 no. 5 (Oct. 2008)</subfield>
   <subfield code="b">Οφειλόμενο</subfield>
   <subfield code="c">26/10/2009</subfield>
  </datafield>
  <datafield tag="900" ind1=" " ind2=" ">
   <subfield code="a">Vol. 50 no. 6 (Dec. 2008)</subfield>
   <subfield code="b">Οφειλόμενο</subfield>
   <subfield code="c">26/10/2009</subfield>
  </datafield>
  <datafield tag="950" ind1=" " ind2=" ">
   <subfield code="a">01/03/2004</subfield>
   <subfield code="c">SWETS INFORMATION SERVICES</subfield>
   <subfield code="d">343</subfield>
  </datafield>
  <datafield tag="951" ind1=" " ind2=" ">
   <subfield code="a">Vol. 53 no. 1 (Feb. 2011) - Vol. 53 no. 6 (Dec. 2011)</subfield>
   <subfield code="b">Main run</subfield>
  </datafield>
  <datafield tag="951" ind1=" " ind2=" ">
   <subfield code="a">Vol. 28 no. 4  (Specal issue 2005)</subfield>
   <subfield code="b">Advance Sheets</subfield>
  </datafield>
  <datafield tag="951" ind1=" " ind2=" ">
   <subfield code="a">Vol.36, no.1(March 1994) -  (v.37, no.4(Dec. 1995)</subfield>
   <subfield code="b">Main run</subfield>
  </datafield>
  <datafield tag="951" ind1=" " ind2=" ">
   <subfield code="a">Vol. 46 no. 1 (Spring 2004) - Vol. 48 no. 4 (Winter 2006)</subfield>
   <subfield code="b">Main run</subfield>
  </datafield>
  <datafield tag="951" ind1=" " ind2=" ">
   <subfield code="a">Vol. 49 no. 1 (Feb. 2007) - Vol. 49 no. 6 (Dec. 2007)</subfield>
   <subfield code="b">Main run</subfield>
  </datafield>
  <datafield tag="951" ind1=" " ind2=" ">
   <subfield code="a">Vol. 51 no. 1 (Feb. 2009) - Vol. 52 no. 6 (Dec. 2010)</subfield>
   <subfield code="b">Main run</subfield>
  </datafield>
 </record>
</collection>
